Especiación vegetal /
Contenido: 1. Reproducción vegetal; 2. Razas locales; 3. Razas geográficas, 4. La especia biológica; 5. Unidades de especie en plantas uniparentales; 6. Situación de la especie en las plantas; 7. Conceptos de especie; 8. La base genética de las diferencias de las especies; 9. Mecanismos de aislamien...
Guardado en:
| Autor principal: | |
|---|---|
| Formato: | Libro |
| Idioma: | Español |
| Publicado: |
México :
Noriega,
1989, c1989
|
| Temas: | |
| Etiquetas: |
Sin etiquetas, Sé el primero en etiquetar este registro!
|
MARC
| LEADER | 00000nam^a2200000^a^4500 | ||
|---|---|---|---|
| 001 | 000271258 | ||
| 005 | 20250521000000.0 | ||
| 009 | 20260310111022.843 | ||
| 020 | |a 968-18-3026-1 | ||
| 037 | |a Acervo ITESO - Biblioteca | ||
| 041 | |a ESP | ||
| 082 | |a 581. 38 |b GRA | ||
| 100 | |a Grant, Verne |e (autor) | ||
| 245 | 1 | 0 | |a Especiación vegetal / |c V. Grant ; tr. por Edgar Crabtree Herre, Héctor E. DeLille García. |
| 264 | 4 | |a México : |b Noriega, |c 1989, c1989 | |
| 300 | |a 587 p. | ||
| 336 | |a texto |b txt |2 rdacontenido | ||
| 337 | |a sin mediación |b n |2 rdamedio | ||
| 338 | |a volumen |b nc |2 rdasoporte | ||
| 500 | |a Traducción de: Plant Speciation | ||
| 520 | |a Contenido: 1. Reproducción vegetal; 2. Razas locales; 3. Razas geográficas, 4. La especia biológica; 5. Unidades de especie en plantas uniparentales; 6. Situación de la especie en las plantas; 7. Conceptos de especie; 8. La base genética de las diferencias de las especies; 9. Mecanismos de aislamiento; 10. Interacciones ecológicas; 11. Patrones de relaciones de fertilidad; 12. Formas de especiación; 13. Especiación primaria; 14. Remodelación cromosómica en la especiación; 15. Selección para el aislamiento reproductivo; 16. Hibridación natural; 17. Introgresión; 18. El singámeon; 19. Especiación por hibridación; 20. Especiación por recombinación; 21. Complejos híbridos; 22. Poliploidia: variación y frecuencia; 23. Tipos de poliploides; 24. Factores que promueven la poliploidia; 25. El complejo poliploide; 26. Autopoliploides naturales; 27. Aneuploidia; 28. Agmatoploidia; 29. Heterogocidad translocacional permanente; 30. Polipoidia impar permanente; 31. Agamospermia; 32. El complejo agámico; 33. Propagación vegetativa de híbridos; 34. Triploides naturales; 35. Especies y macroevolución. | ||
| 590 | |a Traducción de la 2a edición en inglés | ||
| 649 | |a XX | ||
| 650 | |a Plantas - |x Evolución - |x Tema Principal | ||
| 650 | |a Genética Vegetal | ||
| 650 | |a Botánica | ||
| 650 | |a Biología | ||
| 650 | |a Ciencias Naturales | ||
| 910 | |a Fondo General | ||
| 920 | |a Impresos - Libros | ||
| 930 | |a Colección General | ||
| 905 | |a 101 | ||
| 901 | |a 0500157033 |b IT1 |c ACC |u 20250521 | ||
| 902 | |a https://opac.biblio.iteso.mx/vufind/Record/000271258 | ||